Sharks on the hunt / (Record no. 311712)
[ view plain ]
| 000 -LEADER | |
|---|---|
| fixed length control field | 01091nam a2200289 4500 |
| 001 - CONTROL NUMBER | |
| control field | 2055118 |
| 003 - CONTROL NUMBER IDENTIFIER | |
| control field | IlCrPQL |
| 005 - DATE AND TIME OF LATEST TRANSACTION | |
| control field | 20200320212908.0 |
| 008 - FIXED-LENGTH DATA ELEMENTS--GENERAL INFORMATION | |
| fixed length control field | 180914 eng |
| 020 ## - INTERNATIONAL STANDARD BOOK NUMBER | |
| International Standard Book Number | 1512459755 |
| 020 ## - INTERNATIONAL STANDARD BOOK NUMBER | |
| International Standard Book Number | 9781512459753 |
| 040 ## - CATALOGING SOURCE | |
| Transcribing agency | IlCrPQL |
| 082 14 - DEWEY DECIMAL CLASSIFICATION NUMBER | |
| Classification number | 597.33 |
| 100 1# - MAIN ENTRY--PERSONAL NAME | |
| Personal name | Mason, Paul. |
| 9 (RLIN) | 33595 |
| 245 10 - TITLE STATEMENT | |
| Title | Sharks on the hunt / |
| Statement of responsibility, etc | Paul Mason. |
| 260 ## - PUBLICATION, DISTRIBUTION, ETC. (IMPRINT) | |
| Place of publication, distribution, etc | Minneapolis : |
| Name of publisher, distributor, etc | Hungry Tomato, |
| Date of publication, distribution, etc | [2018]. |
| 300 ## - PHYSICAL DESCRIPTION | |
| Extent | 32 p. : |
| Other physical details | col. ill. ; |
| Dimensions | 24 cm |
| 520 ## - SUMMARY, ETC. | |
| Summary, etc | Sharks are powerful, super-efficient eating machines. Discover the specialized features and tactics they use to hunt from their upper jaw that unhinges to a vast array of specialized teeth. Brilliant photographs and spellbinding facts tell all about these. |
| 521 2# - TARGET AUDIENCE NOTE | |
| Target audience note | 3456. |
| 521 8# - TARGET AUDIENCE NOTE | |
| Target audience note | IG 900 |
| Source | Lexile. |
| 521 8# - TARGET AUDIENCE NOTE | |
| Target audience note | W |
| Source | Fountas and Pinnell. |
| 650 #7 - SUBJECT ADDED ENTRY--TOPICAL TERM | |
| Topical term or geographic name as entry element | Sharks. |
| Source of heading or term | sears |
| 9 (RLIN) | 5978575 |
| 942 ## - ADDED ENTRY ELEMENTS (KOHA) | |
| Koha item type | BOOK |
| 948 ## - LOCAL PROCESSING INFORMATION (OCLC); SERIES PART DESIGNATOR (RLIN) | |
| Series part designator, SPT (RLIN) | 09/18/2018 |
| z (OCLC) | Sirsi |
| 949 ## - LOCAL PROCESSING INFORMATION (OCLC) | |
| h | 597.33 |
| i | Mas |
| 9 | 20.99 |
| 996 ## - | |
| -- | 154087 |
| -- | 34301001563800 |
| -- | JNF |
| -- | bk |
| -- | wcl |
| -- | o |
| -- | 4 |
| -- | 20.99 |
| -- | rainbow |
| -- | 597.33 Mas |
| -- | 10/12/2018 |
| -- | 01/03/2020 |
| -- | 03/12/2020 |
| Withdrawn status | Lost status | Source of classification or shelving scheme | Damaged status | Not for loan | Collection code | Home library | Current library | Shelving location | Date acquired | Source of acquisition | Cost, normal purchase price | Total Checkouts | Total Renewals | Full call number | Barcode | Date last seen | Date checked out | Cost, replacement price | Price effective from | Koha item type |
|---|---|---|---|---|---|---|---|---|---|---|---|---|---|---|---|---|---|---|---|---|
| Dewey Decimal Classification | Junior NonFiction | Wasatch County Library | Wasatch County Library | Second Floor | 10/12/2018 | 20.99 | 10 | 3 | J 597.33 Mas | 34301001563800 | 12/26/2025 | 06/11/2024 | 20.99 | 03/20/2020 | BOOK |
